| 000 | 00595nam a2200181Ia 4500 | ||
|---|---|---|---|
| 008 | 190422s9999 xx 000 0 und d | ||
| 100 | _aMukesh, H.V | ||
| 245 | _aEntrepreneurial potential and higher education system in India/ | ||
| 245 | _cH.V Mukesh, Abhishek S. Rao and Rajasekharan Pillia K..-- | ||
| 260 | _bSage | ||
| 260 | _c2018 | ||
| 300 | _apages 258-276, September 2018 | ||
| 440 |
_aThe Journal of ENTREPRENEURSHIP _v27(2) |
||
| 650 | _aEntrepreneurial Potential | ||
| 650 | _aEntrepreneurship Education | ||
| 650 | _aHigher Education | ||
| 650 | _aStudents Entrepreneurship | ||
| 999 |
_c361448 _d361448 |
||